| 000 | 00715nam a2200169 a 4500 | ||
|---|---|---|---|
| 008 | 211020s2021 ||||||||||||||||| || u | ||
| 020 | _a9789211391862 | ||
| 050 | _aUNO(058)MTC/2021 | ||
| 110 | _aUnited Nations Organisation (UNO) | ||
| 245 | 1 | 0 |
_aManual of tests and criteria. Seventh revised edition. Amendment 1 _cBy United Nations(UNO) |
| 250 | _aSeventh revised edition | ||
| 260 |
_aNew York _bUNITED NATIONS _c2021 |
||
| 300 | _av, 34 pages : illustrations | ||
| 650 | 0 | _aHAZARDOUS SUBSTANCES--TRANSPORTATION | |
| 650 | 0 | _aTRANSPORTATION--LAW AND LEGISLATION | |
| 995 |
_FCBU-MAIN LIBRARY (Kitwe) _M1 _UAVAILABLE _WNov 24, 2021 _ZInternational Publications |
||
| 999 |
_c50298 _d50298 |
||